000
00293nam a22001337a 4500
008
181015b xxu||||| |||| 00| 0 eng d
020
_a
9780030551338
041
_a
eng
080
_a
159.9
100
_a
50
101
_a
PSI
245
_a
Social Psychology
_c
Lord. CH .G
942
_2
udc
_c
BK
999
_c
49801
_d
49801